MARC details
| 000 -CABECERA |
| campo de control de longitud fija |
00966cam a2200289 a 4500 |
| 001 - NÚMERO DE CONTROL |
| campo de control |
000014455 |
| 005 - FECHA Y HORA DE LA ÚLTIMA TRANSACCIÓN |
| campo de control |
20250211114738.0 |
| 008 - DATOS DE LONGITUD FIJA--INFORMACIÓN GENERAL |
| campo de control de longitud fija |
910205s1952 mx a 000 0 spa |
| 035 ## - NÚMERO DE CONTROL DEL SISTEMA |
| Número de control de sistema |
(DLC)ltf91019715 |
| 040 ## - FUENTE DE LA CATALOGACIÓN |
| Centro catalogador/agencia de origen |
DO-SdBNP |
| Centro/agencia transcriptor |
DLC |
| Centro/agencia modificador |
DLC |
| 041 17 - CÓDIGO DE LENGUA |
| Código de lengua del texto/banda sonora o título independiente |
spa |
| Código de lengua original |
eng |
| Fuente del código |
Código de idioma MARC |
| 082 ## - NÚMERO DE LA CLASIFICACIÓN DECIMAL DEWEY |
| Número de clasificación |
306.872 |
| Número de documento/Ítem |
S561s |
| 049 ## - FONDOS LOCALES (OCLC) |
| Fondos de biblioteca |
BNGR |
| 100 1# - ENTRADA PRINCIPAL--NOMBRE DE PERSONA |
| Nombre de persona |
Shryock, Harold. |
| 9 (RLIN) |
32628 |
| 240 13 - TÍTULO UNIFORME |
| Título uniforme |
Happiness for husbands and wives |
| Lenguaje de la obra |
Español. |
| 245 13 - MENCIÓN DE TÍTULO |
| Título |
El secreto de la dicha conyugal / |
| Mención de responsabilidad, etc. |
Harold Shryock ; traducción Marcelo I. Fayard. |
| 260 ## - PUBLICACIÓN, DISTRIBUCIÓN, ETC. |
| Lugar de publicación, distribución, etc. |
México : |
| Nombre del editor, distribuidor, etc. |
Interamericanas, |
| Fecha de publicación, distribución, etc. |
1952. |
| 300 ## - DESCRIPCIÓN FÍSICA |
| Extensión |
260 p. : |
| Otras características físicas |
il. ; |
| Dimensiones |
21 cm. |
| 534 ## - NOTA SOBRE LA VERSIÓN ORIGINAL |
| Encabezamiento principal del original |
Título original en inglés: |
| Mención de título del original |
Happiness for husbands and wives. |
| 650 #4 - PUNTO DE ACCESO ADICIONAL DE MATERIA--TÉRMINO DE MATERIA |
| Término de materia o nombre geográfico como elemento de entrada |
Relaciones hombre-mujer |
| 9 (RLIN) |
32629 |
| 650 #0 - PUNTO DE ACCESO ADICIONAL DE MATERIA--TÉRMINO DE MATERIA |
| Término de materia o nombre geográfico como elemento de entrada |
Matrimonio |
| 9 (RLIN) |
797 |
| 650 #0 - PUNTO DE ACCESO ADICIONAL DE MATERIA--TÉRMINO DE MATERIA |
| Término de materia o nombre geográfico como elemento de entrada |
Familias |
| 9 (RLIN) |
795 |
| 650 #4 - PUNTO DE ACCESO ADICIONAL DE MATERIA--TÉRMINO DE MATERIA |
| Término de materia o nombre geográfico como elemento de entrada |
Elección del conyuge |
| 9 (RLIN) |
1472 |
| 650 #0 - PUNTO DE ACCESO ADICIONAL DE MATERIA--TÉRMINO DE MATERIA |
| Término de materia o nombre geográfico como elemento de entrada |
Ética |
| 9 (RLIN) |
509 |
| 700 1# - PUNTO DE ACCESO ADICIONAL--NOMBRE DE PERSONA |
| Nombre de persona |
Fayard, Marcelo I. |
| 9 (RLIN) |
32630 |
| 910 ## - DATOS DE OPCIÓN DEL USUARIO (OCLC) |
| Datos de opción del usuario |
Catalogación por copia / LC |